CS:GO - PGL Major Stockholm 2021 - All teams and players - Statistics

General Stats
  • This quiz has been taken 9 times
  • The average score is 54 of 144
Answer Stats
Hint Answer % Correct
apEX
100%
Astralis
100%
b1t
100%
electroNic
100%
23-24th FaZe
100%
2nd G2
100%
Liquid
100%
1st Natus Vincere
100%
NiKo
100%
ropz
100%
s1mple
100%
sh1ro
100%
Spirit
100%
17-19th Virtus.pro
100%
9-11th Vitality
100%
alex
75%
BIG
75%
chopper
75%
dupreeh
75%
FalleN
75%
3-4th Gambit
75%
gla1ve
75%
5-8th HEROIC
75%
huNter-
75%
Jame
75%
karrigan
75%
Magisk
75%
misutaaa
75%
MOUZ
75%
rain
75%
shox
75%
Spinx
75%
SunPayus
75%
ZywOo
75%
amanek
50%
Ax1Le
50%
Boombl4
50%
broky
50%
cadiaN
50%
device
50%
EliGE
50%
ENCE
50%
FL1T
50%
frozen
50%
12-14th FURIA
50%
Grim
50%
HObbit
50%
jabbi
50%
JACKZ
50%
Kyojin
50%
magixx
50%
NAF
50%
nexa
50%
15-16th Ninjas in Pyjamas
50%
Perfecto
50%
Qikert
50%
stavn
50%
Stewie2K
50%
TeSeS
50%
Twistzz
50%
Xyp9x
50%
acoR
25%
aliStair
25%
arT
25%
Attacker
25%
biguzera
25%
buster
25%
Bymas
25%
20-22nd Copenhagen Flames
25%
DANK1NG
25%
dav1g
25%
degster
25%
dexter
25%
doto
25%
dycha
25%
El1an
25%
Entropiq
25%
Evil Geniuses
25%
Forester
25%
HooXi
25%
INS
25%
interz
25%
KSCERATO
25%
Lucky
25%
mopoz
25%
Movistar Riders
25%
nafany
25%
nicoodoz
25%
olofmeister
25%
paiN
25%
refrezh
25%
Renegades
25%
roeJ
25%
sdy
25%
Sico
25%
sjuush
25%
Snappi
25%
somebody
25%
tabseN
25%
TACO
25%
TYLOO
25%
YEKINDAR
25%
yuurih
25%
Zyphon
25%
b4rtiN
0%
Brehze
0%
CeRq
0%
DeathZz
0%
drop
0%
dumau
0%
felps
0%
gade
0%
GODSENT
0%
hades
0%
hampus
0%
hardzao
0%
Hatz
0%
jnt
0%
k1to
0%
Krad
0%
Lack1
0%
latto
0%
LNZ
0%
Lucaozy
0%
malta
0%
MICHU
0%
mir
0%
NEKIZ
0%
NickelBack
0%
oBo
0%
pancc
0%
PKL
0%
Plopski
0%
realz1n
0%
REZ
0%
saffee
0%
Sharks
0%
SLOWLY
0%
stanislaw
0%
Summer
0%
syrsoN
0%
tiziaN
0%
VINI
0%
zevy
0%
No matching quizzes found
Score Distribution
Percent of People with Each Score
Percentile by Number Answered
Your Score History
You have not taken this quiz